Modelación eléctrica del flujo de agua subterránea

El propósito de este trabajo es el de aplicar los principios de la dinámica de fluidos en medios porosos a la solución de problemas de flujo subterráneo. Inicialmente se hace un escueto análisis matemático con la intención de cimentar los métodos de cálculo que son sumamente prácticos, al...

Full description

Bibliographic Details
Main Author: Jovel Díaz, Andrés
Other Authors: Tutor: R. Jackson, Thomas H.
Format: Tesis Section = Libro
Language:Undetermined
Spanish
Published: Managua Universidad Nacional Autónoma de Nicaragua (UNAN) 1989
Subjects:
LEADER 01396nam a2200205Ia 4500
008 240830s9999 xx 000 0 und d
040 |a BIBLIOTECA-RUPAP MON 627.17 J86 
041 |a spa 
082 |a MON 627.17 J86 
100 1 |a Jovel Díaz, Andrés 
245 1 0 |a Modelación eléctrica del flujo de agua subterránea 
260 |a Managua  |b Universidad Nacional Autónoma de Nicaragua (UNAN)  |c 1989 
300 |a 143 p. :il. 
502 |a Tesis (Ingeniero Civil)- UNI, 1989. 
520 3 |a El propósito de este trabajo es el de aplicar los principios de la dinámica de fluidos en medios porosos a la solución de problemas de flujo subterráneo. Inicialmente se hace un escueto análisis matemático con la intención de cimentar los métodos de cálculo que son sumamente prácticos, al final se resuelven suficientes problemas propuestos para concretizar los análisis. En el desarrollo se hace énfasis en la existencia de diversos métodos de solución tales como: método gráfico, método de diferencias finitas y analogía eléctrica. Finalmente se diseña una obra de protección, en este caso un filtro de arena, al que se le hizo un análisis teórico que es suficiente para el diseño de cualquier obra de protección convencional. 
650 7 |a AGUAS CORRIENTES 
700 1 |a Tutor:  |b R. Jackson, Thomas H. 
942 |c BK  |2 ddc 
991 |a TESIS 
999 |c 16192